| 000 | 00962cam a2200277 a 4500 | ||
|---|---|---|---|
| 001 | vtls003223717 | ||
| 003 | MY-SjTCS | ||
| 005 | 20200226114955.0 | ||
| 008 | 110921s2007 enka b 001 0 eng | ||
| 020 | _a0521850290 (hbk.) | ||
| 020 | _a9780521850292 (hbk.) | ||
| 039 | 9 |
_a201202081346 _bpushpa _y201109211135 _zmalathy |
|
| 082 | 0 | 4 |
_a579.5 _bFUN 2007 |
| 245 | 0 | 0 |
_aFungi in the environment / _cedited by Geoffrey Michael Gadd, Sarah C. Watkinson and Paul S. Dyer. |
| 260 |
_aCambridge : _bCambridge University Press, _c2007. |
||
| 300 |
_axix, 386 p. : _bill. ; _c24 cm. |
||
| 490 | 0 | _aBritish Mycological Society symposium series | |
| 504 | _aIncludes bibliographical references and index. | ||
| 650 | 0 |
_aFungi. _9679 |
|
| 650 | 0 | _aMycology. | |
| 700 | 1 |
_aGadd, Geoffrey M. _955992 |
|
| 700 | 1 |
_aWatkinson, Sarah C. _955993 |
|
| 700 | 1 |
_aDyer, Paul S. _955994 |
|
| 830 | 0 | _aBritish Mycological Society symposium series | |
| 920 | _aPHA : 172665 | ||
| 999 | _c141154 | ||